| 000 | 00418nam a2200169Ia 4500 | ||
|---|---|---|---|
| 005 | 20240605010648.0 | ||
| 008 | 240331s9999 xx 000 0 und d | ||
| 020 | _a8170245060 | ||
| 082 |
_bGHO _a362 |
||
| 100 | _aGhosh, S.K | ||
| 245 | 0 | _aWomen and crime | |
| 260 |
_aNew Delhi _bS.B. Nangia for Ashish Publishing House _c1993 |
||
| 300 | _aviii,192 p., | ||
| 650 | _aWomen | ||
| 650 | _aCriminology | ||
| 942 | _cL | ||
| 999 |
_c2915 _d2915 |
||